000 01334cam a2200361 i 4500
999 _c173382
_d173382
001 18425637
003 Nust
005 20180117090021.0
008 150105s2015 nyu b 001 0 eng
010 _a 2014038017
020 _a9781138840799 (hbk)
020 _a9781315732626 (ebook)
040 _aDLC
_beng
_cDLC
_erda
_dDLC
042 _apcc
050 0 0 _aHG4515.13
_b.I54 2015
082 0 0 _a338.9
_223
245 0 0 _aInclusive growth, development and welfare policy :
_ba critical assessment /
_cedited by Reza Hasmath.
264 1 _aNew York :
_bRoutledge, Taylor & Francis Group,
_c2015.
300 _ax, 293 pages ;
_c24 cm.
336 _atext
_2rdacontent
337 _aunmediated
_2rdamedia
338 _avolume
_2rdacarrier
490 0 _aRoutledge studies in governance and public policy
504 _aIncludes bibliographical references and index.
650 0 _aInvestments
_xSocial aspects.
650 0 _aEconomic development.
650 0 _aWelfare economics.
700 1 _aHasmath, Reza.
906 _a7
_bcbc
_corignew
_d1
_eecip
_f20
_gy-gencatlg
942 _2ddc
_cBK